000 00591nam a2200181Ia 4500
003 IN-BaIIA
008 211028s9999 xx 000 0 eng d
040 _cIIA Library
080 _a52-77
_bKEL
100 _aKellermann, K.
_913637
245 0 _aSerendipitous discoveries in radio astronomy
_cK. Kellermann
260 _aGreen Bank
_bNational Radio Astronomy Observatory
_c1983
300 _aviii, 321p.
650 _aAstronomy and Astrophysics Thesaurus
650 _aRadar Astronomy
_92936
650 _aRadio Astronomy
_92849
942 _cBK
999 _c8081
_d8081